=LDR 00000nam 2200000 4500 =001 INLIS000000000033062 =005 20130612135034 =008 ***********************************ind** =035 ##$$a0010-061300000033062 =041 ##$$a ind =082 ##$$a 801 =090 ##$$a 801, Sug t =100 ##$$a Sugihastuti =245 ##$$a Teori apresiasi sastra, Sugihastuti =260 ##$$a 2007 $b Yogyakarta =300 ##$$a xvii,177 hlm, 21 cm =650 ##$$a Kesusatraan-Apresiasi =850 ##$$a NBPNMAT =990 ##$$a 94374/BPAP-NTB/2014 =990 ##$$a 06620662 =990 ##$$a 01201800662 =990 ##$$a 94374/BPAP-NTB/2014 =990 ##$$a 21003921 =990 ##$$a 94374/BPAP-NTB/2014